| 000 | 01030nam a22002417a 4500 | ||
|---|---|---|---|
| 005 | 20110913152830.0 | ||
| 008 | 110913t xxu||||| |||| 00| 0 mar d | ||
| 010 | _aMAR-21290 | ||
| 020 |
_a9788174345424 _c280.00 |
||
| 035 | _aMR-13948 | ||
| 037 | _bDBAD/PUB | ||
| 040 |
_aDPL _bMR |
||
| 082 | _a398 | ||
| 100 |
_aकरमरकर,वैशाली _934729 |
||
| 245 |
_aसंस्कृतिरंग / _cवैशाली करमरकर |
||
| 246 |
_aSanskrutiranga _bby Vaishali Karmarkar |
||
| 260 |
_aपुणे _bराजहंस प्रकाशन _c2011 |
||
| 270 |
_a1025,सदाशिव पेठ _bपुणे _e411030 |
||
| 300 |
_aसोळा,307पृ. _c21सेमी(अजिल्द) _bसचित्र |
||
| 500 | _aIncludes biblograophic references | ||
| 942 |
_2ddc _cMR _h398 _mसाळुंखे |
||
| 999 |
_c56571 _d56571 |
||